[Event "IND-ch U15 Girls 39th"]
[Site "Jalgaon"]
[Date "2023.12.31"]
[Round "7"]
[White "Nivedita, VC."]
[Black "Saparya, Ghosh"]
[Result "1-0"]
[WhiteElo "1638"]
[BlackElo "1662"]
[PlyCount "109"]
[EventDate "2023.12.27"]
[EventType "swiss"]
[EventRounds "11"]
[EventCountry "IND"]
[SourceTitle "CB02_2024"]
[SourceDate "2024.01.10"]
[SourceVersion "1"]
[SourceVersionDate "2024.01.10"]
[SourceQuality "1"]

1. Nf3 d5 2. g3 Nf6 3. Bg2 c6 4. 0-0 Bg4 5. Ne5 Bf5 6. d4 e6 7. c4 Bd6 8. Qb3 Qc8 9. Bf4 0-0 10. Ng6 Bxf4 11. Ne7+ Kh8 12. Nxc8 Rxc8 13. gxf4 dxc4 14. Qxb7 Nbd7 15. Qa6 Nb6 16. Nc3 Nbd5 17. e4 Nxc3 18. bxc3 Nxe4 19. Qxc4 Nd2 20. Qa6 Nxf1 21. Rxf1 Rc7 22. Bxc6 Rac8 23. Bb7 Rb8 24. Bg2 h6 25. h3 Rb2 26. Rc1 Rd2 27. Qd6 Rc4 28. Qb8+ Kh7 29. Qxa7 Bg6 30. Qa6 Rdxd4 31. cxd4 Rxc1+ 32. Kh2 Rd1 33. Qc4 Rd2 34. a4 Rxf2 35. Kg1 Rxf4 36. a5 e5 37. a6 Rxd4 38. Qxd4 exd4 39. a7 d3 40. a8Q d2 41. Bf3 Bc2 42. Be4+ Bxe4 43. Qxe4+ g6 44. Qd5 d1Q+ 45. Qxd1 g5 46. Kg2 Kg6 47. Qd3+ f5 48. h4 gxh4 49. Kh3 Kg5 50. Qe3+ f4 51. Qe5+ Kg6 52. Kxh4 f3 53. Qe6+ Kg7 54. Kh5 f2 55. Qe7+ 1-0

[Event "IND-ch U15 Girls 39th"]
[Site "Jalgaon"]
[Date "2023.12.30"]
[Round "5"]
[White "Kumari, Prasad Jagriti"]
[Black "Saparya, Ghosh"]
[Result "0-1"]
[WhiteElo "1506"]
[BlackElo "1662"]
[PlyCount "72"]
[EventDate "2023.12.27"]
[EventType "swiss"]
[EventRounds "11"]
[EventCountry "IND"]
[SourceTitle "CB02_2024"]
[SourceDate "2024.01.10"]
[SourceVersion "1"]
[SourceVersionDate "2024.01.10"]
[SourceQuality "1"]

1. e4 c5 2. Nf3 Nc6 3. d4 cxd4 4. Nxd4 Nf6 5. Nc3 e5 6. Ndb5 d6 7. Bg5 a6 8. Bxf6 gxf6 9. Na3 b5 10. Nd5 Bg7 11. Bd3 Ne7 12. Nxe7 Qxe7 13. c4 f5 14. cxb5 d5 15. exd5 e4 16. 0-0 0-0 17. Qe2 Qb4 18. Bc4 Qxb2 19. Nc2 axb5 20. Bb3 b4 21. Rfd1 Ba6 22. Qh5 f4 23. Rab1 Qc3 24. Rbc1 Rac8 25. d6 Rc5 26. Qh4 Bf6 27. Qxf4 Bg5 28. Qg4 h5 29. Qxe4 Bxc1 30. Rxc1 Bd3 31. Qh4 Qd2 32. Re1 Bxc2 33. Bxf7+ Rxf7 34. Re8+ Kg7 35. g3 Qxf2+ 36. Kh1 Qf1# 0-1

[Event "IND-ch U15 Girls 39th"]
[Site "Jalgaon"]
[Date "2023.12.27"]
[Round "1"]
[White "Alana, Julieta Menezes And"]
[Black "Saparya, Ghosh"]
[Result "0-1"]
[WhiteElo "1218"]
[BlackElo "1662"]
[PlyCount "134"]
[EventDate "2023.12.27"]
[EventType "swiss"]
[EventRounds "11"]
[EventCountry "IND"]
[SourceTitle "CB02_2024"]
[SourceDate "2024.01.10"]
[SourceVersion "1"]
[SourceVersionDate "2024.01.10"]
[SourceQuality "1"]

1. e4 c5 2. c3 Nf6 3. e5 Nd5 4. d4 cxd4 5. cxd4 Nc6 6. Nf3 d6 7. Bc4 Nb6 8. Bb5 Bd7 9. 0-0 e6 10. Nc3 dxe5 11. dxe5 Be7 12. Re1 0-0 13. Bf4 Nb4 14. Be2 N4d5 15. Nxd5 Nxd5 16. Bg3 Qa5 17. Bc4 Rfd8 18. Qe2 Bb4 19. Red1 Ba4 20. Rd3 Rac8 21. b3 Bb5 22. Bxb5 Qxb5 23. Qd1 Qb6 24. h3 h6 25. Qe2 Nc3 26. Rxd8+ Qxd8 27. Qe3 Bc5 28. Qe1 Qd3 29. Kh2 Rd8 30. Bf4 Nd1 31. Bg3 Ba3 32. Qa5 Bb2 33. Ne1 Qd7 34. Rb1 Bc3 35. Qxa7 Bxe1 36. Rc1 Qd2 37. Rc7 Bxf2 38. Bxf2 Nxf2 39. Qxb7 Qf4+ 40. g3 Qd2 41. Qg2 Qxa2 42. Rc1 Rd2 43. Kg1 Qa7 44. Kf1 Qe3 45. Re1 Qd3+ 46. Kg1 Qd4 47. Kf1 g6 48. Re2 Rd1+ 49. Re1 Rxe1+ 50. Kxe1 Qe3+ 51. Kf1 Ne4 52. Qg1 Nd2+ 53. Kg2 Qf3+ 54. Kh2 Nf1+ 55. Qxf1 Qxf1 56. b4 Qf2+ 57. Kh1 Qxg3 58. b5 h5 59. b6 Qxh3+ 60. Kg1 Qe3+ 61. Kh1 Qxb6 62. Kh2 Qe3 63. Kh1 g5 64. Kh2 g4 65. Kh1 g3 66. Kg2 Qf2+ 67. Kh1 Qh2# 0-1

[Event "Wch U14 Girls"]
[Site "Montesilvano"]
[Date "2023.11.22"]
[Round "9"]
[White "Saparya, Ghosh"]
[Black "Cutiyog, Jirah Floravie"]
[Result "1-0"]
[WhiteElo "1659"]
[BlackElo "1305"]
[PlyCount "113"]
[EventDate "2023.11.13"]
[EventType "swiss"]
[EventRounds "11"]
[EventCountry "ITA"]
[SourceTitle "CB48_2023"]
[SourceDate "2023.11.29"]
[SourceVersion "1"]
[SourceVersionDate "2023.11.29"]
[SourceQuality "1"]

1. d4 Nf6 2. c4 e6 3. Nc3 Bb4 4. Bd2 d5 5. e3 Bxc3 6. Bxc3 Ne4 7. Rc1 0-0 8. Bd3 f5 9. Ne2 Nd7 10. Nf4 Ndf6 11. Bb4 Re8 12. 0-0 Bd7 13. Qc2 Bc6 14. Be1 dxc4 15. Bxc4 Nd5 16. Nd3 Nb6 17. Ne5 Ba4 18. b3 Nxc4 19. Qxc4 Bd7 20. Nxd7 Qxd7 21. Qxc7 Qb5 22. f3 Nf6 23. Qc4 Qd5 24. Bh4 Nd7 25. Qxd5 exd5 26. Rc7 Nb6 27. Rxb7 Rxe3 28. Bg3 Re6 29. Be5 Rg6 30. a4 Nc8 31. Rc1 Nd6 32. Rd7 Nf7 33. Rxd5 Nxe5 34. dxe5 Rb8 35. Rc7 Rgb6 36. Rdd7 Rg6 37. Rxa7 h6 38. Rab7 Rc8 39. Rbc7 Rb8 40. Rc3 Rgb6 41. Rdd3 Kf7 42. Kf2 Rb4 43. g3 g5 44. Ke2 Ke6 45. Kd2 Kxe5 46. Rc5+ Ke6 47. Kc2 R8b6 48. a5 R4b5 49. axb6 Rxc5+ 50. Rc3 Rb5 51. Rc6+ Kd5 52. Rxh6 Kd4 53. Rd6+ Ke3 54. Kc3 f4 55. Kc4 Rf5 56. b7 Rf8 57. Kc5 1-0

[Event "Wch U14 Girls"]
[Site "Montesilvano"]
[Date "2023.11.18"]
[Round "6"]
[White "Saparya, Ghosh"]
[Black "Jiang, Tianyu"]
[Result "0-1"]
[WhiteElo "1659"]
[BlackElo "1917"]
[PlyCount "100"]
[EventDate "2023.11.13"]
[EventType "swiss"]
[EventRounds "11"]
[EventCountry "ITA"]
[SourceTitle "CB48_2023"]
[SourceDate "2023.11.29"]
[SourceVersion "1"]
[SourceVersionDate "2023.11.29"]
[SourceQuality "1"]

1. d4 d5 2. c4 e6 3. Nc3 c6 4. cxd5 exd5 5. Bf4 Nf6 6. e3 Bf5 7. Nge2 Qb6 8. Qd2 Nbd7 9. Ng3 Bg6 10. Be2 Be7 11. h4 h5 12. f3 Rd8 13. Kf2 a5 14. a3 0-0 15. Na4 Qb3 16. Bd1 Qb5 17. Bc2 Bxc2 18. Qxc2 g6 19. Ne2 Rc8 20. Nac3 Qa6 21. Rhd1 b5 22. Qd3 a4 23. Bg5 Nb6 24. Nf4 Kg7 25. Kg1 Nc4 26. Qe2 Qa7 27. e4 dxe4 28. fxe4 Rcd8 29. e5 Ng4 30. Bxe7 Qxe7 31. Rd3 Qa7 32. Rad1 Ncxe5 33. R3d2 Rfe8 34. Qf1 Ne3 35. Qe1 Nxd1 36. Qxd1 Ng4 37. Rd3 Re7 38. Qd2 Rde8 39. Nce2 Re4 40. Rf3 Qe7 41. Ng3 Re1+ 42. Nf1 Qxh4 43. Rh3 Qe7 44. Nd3 Re2 45. Qc3 Kg8 46. Nf4 Re4 47. Nd3 Qf6 48. Rf3 Qxd4+ 49. Kh1 Qxc3 50. bxc3 Re2 0-1

[Event "Wch U14 Girls"]
[Site "Montesilvano"]
[Date "2023.11.14"]
[Round "2"]
[White "Dicen, Elis Denele"]
[Black "Saparya, Ghosh"]
[Result "1/2-1/2"]
[WhiteElo "1976"]
[BlackElo "1659"]
[PlyCount "87"]
[EventDate "2023.11.13"]
[EventType "swiss"]
[EventRounds "11"]
[EventCountry "ITA"]
[SourceTitle "CB48_2023"]
[SourceDate "2023.11.29"]
[SourceVersion "1"]
[SourceVersionDate "2023.11.29"]
[SourceQuality "1"]

1. d4 Nf6 2. c4 e6 3. Nc3 Bb4 4. e3 d5 5. Nf3 0-0 6. Bd2 Nbd7 7. Bd3 c6 8. 0-0 dxc4 9. Bxc4 b5 10. Bd3 Bb7 11. a3 Be7 12. Rc1 a6 13. Ne4 c5 14. Nxf6+ Bxf6 15. Bc3 cxd4 16. Nxd4 Ne5 17. Bc2 Qd5 18. e4 Qd7 19. Qe2 Nc6 20. Nxc6 Bxc3 21. bxc3 Qxc6 22. Bd3 Qd6 23. Ra1 Rac8 24. c4 bxc4 25. Bxc4 Qc6 26. Bd3 e5 27. Rfe1 Rfd8 28. Rad1 Qa4 29. Rb1 Qxa3 30. Rxb7 Qxd3 31. Qh5 Qc4 32. Qxe5 Re8 33. Re7 Rxe7 34. Qxe7 Qc5 35. Qxc5 Rxc5 36. f3 Kf8 37. Kf2 Rc2+ 38. Kg3 Ra2 39. Rb1 Ke7 40. Rb7+ Ke6 41. h3 g5 42. f4 gxf4+ 43. Kxf4 Rxg2 44. Rb6+ 1/2-1/2

[Event "Asia-ch U20 Girls"]
[Site "Jamshedpur"]
[Date "2023.09.13"]
[Round "7"]
[White "Sagar, Siya"]
[Black "Saparya, Ghosh"]
[Result "0-1"]
[WhiteElo "1362"]
[BlackElo "1668"]
[PlyCount "78"]
[EventDate "2023.09.09"]
[EventType "swiss"]
[EventRounds "9"]
[EventCountry "IND"]
[SourceTitle "EXT 2024"]
[Source "ChessBase"]
[SourceDate "2023.10.10"]
[SourceVersion "1"]
[SourceVersionDate "2023.10.10"]
[SourceQuality "1"]

1. e4 Nf6 2. e5 Nd5 3. c4 Nb6 4. d4 d6 5. exd6 cxd6 6. Nc3 g6 7. b3 Bg7 8. h3 0-0 9. Nf3 Nc6 10. Be2 d5 11. c5 Nd7 12. Bb2 b6 13. cxb6 Nxb6 14. 0-0 Bb7 15. Qd2 Rc8 16. Rac1 Rc7 17. Nb5 Rd7 18. Qf4 f6 19. Qg4 Kh8 20. Nh4 f5 21. Qf4 a6 22. Na3 e5 23. Qg3 f4 24. Qg4 Rd6 25. g3 Bc8 26. Qf3 e4 27. Qc3 g5 28. Ng2 f3 29. Bd1 fxg2 30. Kxg2 Bxd4 31. Qd2 Bxb2 32. Qxb2+ Qf6 33. Qc2 Ne5 34. Qb2 Nd3 35. Qxf6+ Rdxf6 36. Rc2 d4 37. Be2 Nxf2 38. Bxa6 Bxh3+ 39. Kg1 Bxf1 0-1

[Event "Asia-ch U20 Girls"]
[Site "Jamshedpur"]
[Date "2023.09.10"]
[Round "2"]
[White "Saparya, Ghosh"]
[Black "Mrittika, Mallick"]
[Result "0-1"]
[WhiteElo "1668"]
[BlackElo "2059"]
[PlyCount "152"]
[EventDate "2023.09.09"]
[EventType "swiss"]
[EventRounds "9"]
[EventCountry "IND"]
[SourceTitle "EXT 2024"]
[Source "ChessBase"]
[SourceDate "2023.10.10"]
[SourceVersion "1"]
[SourceVersionDate "2023.10.10"]
[SourceQuality "1"]

1. d4 d5 2. c4 c6 3. Nf3 Nf6 4. Qb3 e6 5. Bg5 Nbd7 6. Nc3 Be7 7. g3 0-0 8. Bg2 Nb6 9. cxd5 exd5 10. Ne5 h6 11. Bf4 Ng4 12. Nxg4 Bxg4 13. h3 Be6 14. 0-0 Qd7 15. Kh2 Bg5 16. Bc1 Bf6 17. Rd1 Rfe8 18. e3 Bd8 19. Na4 Nxa4 20. Qxa4 Bc7 21. Bd2 h5 22. Ba5 Bb8 23. Be1 h4 24. f4 hxg3+ 25. Bxg3 Bf5 26. Re1 Re6 27. Qd1 Bxh3 28. Bxh3 Rh6 29. Kg2 Qxh3+ 30. Kf2 Bd6 31. Rh1 Qxh1 32. Qxh1 Rxh1 33. Rxh1 f5 34. Rc1 a5 35. a4 Ra6 36. b3 Kf7 37. Kf3 Bb4 38. Ke2 Bd6 39. Bh4 b5 40. Be1 Ke6 41. Ra1 b4 42. Rc1 Be7 43. Bf2 Kd7 44. Rg1 Bf6 45. Rh1 Ra8 46. Rh5 Ke6 47. Bh4 c5 48. Bxf6 Kxf6 49. Kd3 cxd4 50. Kxd4 Rc8 51. Kxd5 Rc3 52. e4 g6 53. e5+ Kg7 54. Rh2 Rxb3 55. Kc4 Rf3 56. Kb5 Rxf4 57. Kxa5 Re4 58. Kb5 Rxe5+ 59. Kxb4 f4 60. a5 g5 61. a6 Kg6 62. a7 Re8 63. Kc3 f3 64. Rb2 Ra8 65. Ra2 Kf5 66. Kd2 Kf4 67. Ra5 g4 68. Ra4+ Kg3 69. Ke1 Re8+ 70. Kf1 Rh8 71. Ke1 f2+ 72. Ke2 Re8+ 73. Kd2 f1Q 74. Ra3+ Kh4 75. a8Q Rxa8 76. Rxa8 Qg2+ 0-1

[Event "Asia-ch Rapid U20 Girls"]
[Site "Jamshedpur"]
[Date "2023.09.08"]
[Round "9"]
[White "Sachi, Jain"]
[Black "Saparya, Ghosh"]
[Result "1-0"]
[WhiteElo "1481"]
[BlackElo "1485"]
[PlyCount "161"]
[EventDate "2023.09.08"]
[EventType "swiss (rapid)"]
[EventRounds "9"]
[EventCountry "IND"]
[SourceTitle "EXT 2024"]
[Source "ChessBase"]
[SourceDate "2023.10.10"]
[SourceVersion "1"]
[SourceVersionDate "2023.10.10"]
[SourceQuality "1"]

1. e4 c5 2. Nf3 Nc6 3. d4 cxd4 4. Nxd4 Nf6 5. Nc3 e5 6. Ndb5 d6 7. Bg5 a6 8. Na3 b5 9. Nd5 Be7 10. Bxf6 Bxf6 11. c4 b4 12. Nc2 0-0 13. g3 a5 14. Bg2 Bg5 15. 0-0 Rb8 16. Qd3 f5 17. Rad1 Kh8 18. exf5 Bxf5 19. Be4 g6 20. Nde3 Bxe4 21. Qxe4 Ne7 22. Ng4 Qb6 23. h4 Bf6 24. Rd3 Bg7 25. Rfd1 Nf5 26. Nge3 Rbd8 27. h5 Bh6 28. hxg6 hxg6 29. Nxf5 Rxf5 30. Ne3 Bxe3 31. Qxe3 Qxe3 32. Rxe3 Rc8 33. b3 Rf6 34. Red3 Rc6 35. Rd5 Ra6 36. Rb5 Kg7 37. Rdd5 a4 38. Rd2 axb3 39. axb3 Ra1+ 40. Kg2 e4 41. Re2 Rb1 42. Rxb4 Rf3 43. Rb7+ Kf6 44. Rxe4 Rfxb3 45. Rd7 Rb6 46. Rf4+ Kg5 47. Rdf7 Rc1 48. Kh3 Rh1+ 49. Kg2 Rc1 50. Rh4 Rb2 51. Rff4 Re1 52. Rhg4+ Kh5 53. Rh4+ Kg5 54. Rf8 Rc1 55. Rd4 Rbc2 56. Rxd6 Rxc4 57. Rff6 R4c2 58. Rxg6+ Kf5 59. Rge6 Ra2 60. Re3 Rcc2 61. Rf3+ Ke5 62. Rdf6 Rab2 63. R6f4 Re2 64. g4 Re1 65. Rf5+ Ke6 66. g5 Rb4 67. R5f4 Rxf4 68. Rxf4 Re5 69. Rf6+ Ke7 70. f4 Re4 71. Kf3 Re1 72. Kg4 Rg1+ 73. Kf5 Rf1 74. Kg6 Re1 75. f5 Rh1 76. Kg7 Ra1 77. Re6+ Kd8 78. f6 Ra7+ 79. f7 Rd7 80. Re8+ Kc7 81. g6 1-0

[Event "Asia-ch Rapid U20 Girls"]
[Site "Jamshedpur"]
[Date "2023.09.08"]
[Round "3"]
[White "Saparya, Ghosh"]
[Black "Nurgali, Nazerke"]
[Result "0-1"]
[WhiteElo "1485"]
[BlackElo "2110"]
[PlyCount "132"]
[EventDate "2023.09.08"]
[EventType "swiss (rapid)"]
[EventRounds "9"]
[EventCountry "IND"]
[SourceTitle "EXT 2024"]
[Source "ChessBase"]
[SourceDate "2023.10.10"]
[SourceVersion "1"]
[SourceVersionDate "2023.10.10"]
[SourceQuality "1"]

1. d4 d5 2. c4 e6 3. Nc3 h6 4. cxd5 exd5 5. Qc2 Nf6 6. Bf4 Bd6 7. e3 Bxf4 8. exf4 0-0 9. Nf3 Qd6 10. Ne5 a6 11. Bd3 b6 12. 0-0 c5 13. Rac1 c4 14. Be2 b5 15. Bf3 Bb7 16. g4 Nc6 17. Ne2 Nb4 18. Qb1 Ne4 19. Rcd1 f5 20. Kh1 Rae8 21. a3 fxg4 22. Bxg4 Nc6 23. f3 Nf6 24. Qg6 Ne7 25. Qc2 Bc8 26. f5 Nd7 27. Ng3 Nxe5 28. dxe5 Qxe5 29. Rfe1 Qc7 30. Qc3 Nxf5 31. Bxf5 Rxe1+ 32. Qxe1 Bxf5 33. Nxf5 Rxf5 34. Qe8+ Kh7 35. Rxd5 Rxd5 36. Qe4+ Kh8 37. Qe8+ Kh7 38. Qe4+ g6 39. Qxd5 Qe7 40. Kg2 h5 41. Qd4 Qg5+ 42. Kf2 Qe7 43. Kg2 a5 44. h4 Qc7 45. Qd5 b4 46. axb4 axb4 47. Qd4 c3 48. bxc3 bxc3 49. Qd1 c2 50. Qc1 Qc3 51. Kf2 Qd3 52. Ke1 Qxf3 53. Qxc2 Qh1+ 54. Ke2 Qxh4 55. Qc7+ Kh6 56. Qc1+ Qg5 57. Qc7 Qg4+ 58. Kf2 h4 59. Qc1+ Kh5 60. Qc5+ Qf5+ 61. Qxf5+ gxf5 62. Kf3 Kg5 63. Kf2 Kg4 64. Kg2 f4 65. Kh2 Kf3 66. Kh1 Ke2 0-1

[Event "Asia-ch Rapid U20 Girls"]
[Site "Jamshedpur"]
[Date "2023.09.08"]
[Round "8"]
[White "Saparya, Ghosh"]
[Black "Tejaswini, G."]
[Result "1/2-1/2"]
[WhiteElo "1485"]
[BlackElo "1815"]
[PlyCount "68"]
[EventDate "2023.09.08"]
[EventType "swiss (rapid)"]
[EventRounds "9"]
[EventCountry "IND"]
[SourceTitle "EXT 2024"]
[Source "ChessBase"]
[SourceDate "2023.10.10"]
[SourceVersion "1"]
[SourceVersionDate "2023.10.10"]
[SourceQuality "1"]

1. d4 Nf6 2. c4 g6 3. g3 Bg7 4. Bg2 0-0 5. Nc3 d6 6. Nf3 Nc6 7. 0-0 e5 8. dxe5 dxe5 9. Bg5 Be6 10. Qa4 Qe8 11. Rfd1 h6 12. Be3 Nd7 13. Nd5 Nb6 14. Qc2 Rc8 15. Bc5 Bxd5 16. Bxf8 Bxf3 17. Bxg7 Bxg2 18. Bxh6 Nd4 19. Rxd4 exd4 20. Kxg2 Qc6+ 21. Kg1 Qxc4 22. Qe4 Qd5 23. Qh4 Re8 24. Rd1 c5 25. Bg5 Nd7 26. Qf4 Rxe2 27. h4 Ne5 28. Bf6 Nf3+ 29. Kf1 Re8 30. Qh6 Nd2+ 31. Kg1 Nf3+ 32. Kf1 Nh2+ 33. Kg1 Nf3+ 34. Kf1 Nh2+ 1/2-1/2

[Event "IND-ch (Women) 49th"]
[Site "Ahmedabad"]
[Date "2023.07.06"]
[Round "7"]
[White "Ankitha, Goud Palle"]
[Black "Saparya, Ghosh"]
[Result "1/2-1/2"]
[WhiteElo "1977"]
[BlackElo "1664"]
[PlyCount "80"]
[EventDate "2023.06.30"]
[EventType "swiss"]
[EventRounds "11"]
[EventCountry "IND"]
[SourceTitle "CBM 215 Extra"]
[Source "ChessBase"]
[SourceDate "2023.09.30"]
[SourceVersion "1"]
[SourceVersionDate "2023.09.30"]
[SourceQuality "1"]

1. d4 Nf6 2. Nf3 e6 3. e3 d5 4. Bd3 c5 5. b3 Nc6 6. 0-0 Be7 7. Bb2 0-0 8. Nbd2 Qc7 9. a3 b6 10. Ne5 Bb7 11. f4 Nxe5 12. fxe5 Ne4 13. c4 Bg5 14. Qe2 Nxd2 15. Qxd2 dxc4 16. Bxc4 cxd4 17. Bxd4 Be4 18. Rac1 Qb7 19. Qe2 a6 20. b4 b5 21. Bb3 Rfd8 22. Rc3 h6 23. Qf2 Rd7 24. h4 Bd8 25. Qg3 Kh8 26. Rf4 Bh7 27. Rg4 g6 28. Bc2 Rc8 29. Be4 Qb8 30. Rc5 Be7 31. Rxc8+ Qxc8 32. Qf4 h5 33. Rg3 Qc1+ 34. Kh2 Rxd4 35. Qxf7 Rxe4 36. Qe8+ Bg8 37. Qxe7 Rg4 38. Qf6+ Kh7 39. Qe7+ Kh8 40. Qf6+ Kh7 1/2-1/2

[Event "IND-ch (Women) 49th"]
[Site "Ahmedabad"]
[Date "2023.07.04"]
[Round "5"]
[White "Kotepalli, Sai Nirupama"]
[Black "Saparya, Ghosh"]
[Result "1-0"]
[WhiteElo "1899"]
[BlackElo "1664"]
[PlyCount "119"]
[EventDate "2023.06.30"]
[EventType "swiss"]
[EventRounds "11"]
[EventCountry "IND"]
[SourceTitle "CBM 215 Extra"]
[Source "ChessBase"]
[SourceDate "2023.09.30"]
[SourceVersion "1"]
[SourceVersionDate "2023.09.30"]
[SourceQuality "1"]

1. d4 d5 2. c4 e6 3. Nc3 Nf6 4. Bg5 Be7 5. e3 0-0 6. Nf3 a6 7. cxd5 exd5 8. Qc2 b6 9. Ne5 Bb7 10. Bd3 h6 11. Bh4 c5 12. 0-0 Nc6 13. Nxc6 Bxc6 14. dxc5 bxc5 15. Rfd1 Qb6 16. Bxf6 Bxf6 17. Nxd5 Bxd5 18. Bh7+ Kh8 19. Rxd5 Qxb2 20. Rb1 Qxc2 21. Bxc2 c4 22. Rb4 Rac8 23. e4 Rfe8 24. f4 Bc3 25. Ra4 g6 26. Kf2 Kg7 27. Kf3 Re6 28. Rd7 Rb6 29. Ra3 Bb2 30. Re3 g5 31. g3 c3 32. e5 Bc1 33. Re2 Kf8 34. f5 Ke8 35. Rd4 Rc5 36. Ba4+ Rbb5 37. Bxb5+ axb5 38. Rc2 Bb2 39. Ke4 f6 40. exf6 Kf7 41. Rd6 g4 42. Rb6 Ba1 43. Rd6 Bb2 44. Kf4 Rc4+ 45. Ke5 Rc7 46. Kd4 Rc4+ 47. Kd3 Rc5 48. Re2 Rxf5 49. Re7+ Kg6 50. f7+ Kg7 51. Rd8 Rxf7 52. Rxf7+ Kxf7 53. Rb8 Kg6 54. Rxb5 h5 55. a4 c2 56. Kxc2 Bd4 57. a5 Bf2 58. a6 Bg1 59. Rb7 Kg5 60. a7 1-0

[Event "Bhubaneswar op-A 14th"]
[Site "Bhubaneswar"]
[Date "2023.06.18"]
[Round "10"]
[White "Nirgun, Keval"]
[Black "Saparya, Ghosh"]
[Result "1-0"]
[WhiteElo "1813"]
[BlackElo "1607"]
[PlyCount "87"]
[EventDate "2023.06.11"]
[EventType "swiss"]
[EventRounds "10"]
[EventCountry "IND"]
[SourceTitle "CBM 214 Extra"]
[Source "ChessBase"]
[SourceDate "2023.07.31"]
[SourceVersion "1"]
[SourceVersionDate "2023.07.31"]
[SourceQuality "1"]

1. e4 c5 2. Nf3 Nc6 3. Bb5 g6 4. 0-0 Bg7 5. Re1 e5 6. Bxc6 dxc6 7. b3 Ne7 8. Bb2 Qc7 9. d3 0-0 10. Nbd2 f6 11. a3 Be6 12. Qe2 a5 13. h3 b6 14. c3 a4 15. b4 cxb4 16. cxb4 c5 17. Rec1 Qb7 18. bxc5 bxc5 19. Nc4 Bh6 20. Rc2 Rfd8 21. Bc1 Bf8 22. Be3 Nc6 23. Nfd2 Rab8 24. Rac1 Qd7 25. Rc3 Na7 26. Qf3 Be7 27. g4 Nb5 28. R3c2 Qxd3 29. g5 Bxc4 30. gxf6 Rf8 31. Nxc4 Rxf6 32. Qg4 Nd4 33. Rd2 Nf3+ 34. Qxf3 Qxc4 35. Rxc4 Rxf3 36. Rd7 Bf8 37. Rxa4 Rf7 38. Rd5 Rc7 39. Rc4 Ra8 40. a4 Rca7 41. f3 Rxa4 42. Rxa4 Rxa4 43. Rxe5 Bd6 44. Rd5 1-0

[Event "Bhubaneswar op-A 14th"]
[Site "Bhubaneswar"]
[Date "2023.06.14"]
[Round "5"]
[White "Saparya, Ghosh"]
[Black "Reyan, Md"]
[Result "1/2-1/2"]
[WhiteElo "1607"]
[BlackElo "1875"]
[PlyCount "100"]
[EventDate "2023.06.11"]
[EventType "swiss"]
[EventRounds "10"]
[EventCountry "IND"]
[SourceTitle "CBM 214 Extra"]
[Source "ChessBase"]
[SourceDate "2023.07.31"]
[SourceVersion "1"]
[SourceVersionDate "2023.07.31"]
[SourceQuality "1"]

1. d4 Nf6 2. c4 c5 3. d5 b5 4. cxb5 a6 5. bxa6 Bxa6 6. Nc3 d6 7. e4 Bxf1 8. Kxf1 g6 9. Nf3 Bg7 10. g3 0-0 11. Kg2 Qb6 12. Re1 Nbd7 13. a4 Rfb8 14. Nb5 Ne8 15. Nd2 Nc7 16. Nc4 Qb7 17. Nxc7 Qxc7 18. Ra3 Nb6 19. Ne3 Bd4 20. Qc2 Bxe3 21. Bxe3 Qb7 22. Bd2 Re8 23. a5 Nd7 24. Bc3 e6 25. dxe6 Rxe6 26. Qb3 Qa6 27. Qd5 Rb8 28. Re3 Ne5 29. Bxe5 Rxe5 30. Qd2 Rb4 31. Qc2 f5 32. Rab3 Rexe4 33. Rxb4 Rxb4 34. Re8+ Kf7 35. Re3 Qb7+ 36. Kh3 Qc8 37. Kg2 Qa8+ 38. Kh3 f4 39. gxf4 Rxf4 40. Kg3 Rb4 41. Rf3+ Kg8 42. Qd2 Qe4 43. h3 Qe5+ 44. Kg2 Rxb2 45. Qh6 Rb8 46. Qc1 Qe4 47. Kg3 Rb1 48. Qh6 Rb8 49. Qc1 c4 50. Rf4 Qd3+ 1/2-1/2

[Event "Bhubaneswar op-A 14th"]
[Site "Bhubaneswar"]
[Date "2023.06.13"]
[Round "3"]
[White "Raghav, V."]
[Black "Saparya, Ghosh"]
[Result "0-1"]
[WhiteElo "1757"]
[BlackElo "1607"]
[PlyCount "112"]
[EventDate "2023.06.11"]
[EventType "swiss"]
[EventRounds "10"]
[EventCountry "IND"]
[SourceTitle "CBM 214 Extra"]
[Source "ChessBase"]
[SourceDate "2023.07.31"]
[SourceVersion "1"]
[SourceVersionDate "2023.07.31"]
[SourceQuality "1"]

1. e4 c5 2. Nf3 Nc6 3. d4 cxd4 4. Nxd4 Nf6 5. Nc3 e5 6. Ndb5 d6 7. Bg5 a6 8. Na3 b5 9. Nd5 Be7 10. Bxf6 Bxf6 11. c3 Rb8 12. Nc2 Bg5 13. Be2 0-0 14. 0-0 Kh8 15. Bf3 g6 16. Qd3 a5 17. Rad1 Be6 18. Nce3 f5 19. a4 bxa4 20. Nc4 Ne7 21. Qc2 Nxd5 22. exd5 Bd7 23. Ra1 Qc7 24. Be2 Qc5 25. Rfb1 f4 26. Qd1 f3 27. gxf3 e4 28. b4 axb4 29. cxb4 Qa7 30. b5 Qc5 31. Nd2 Bf5 32. fxe4 Bxd2 33. Qxd2 Bxe4 34. Rf1 Rbe8 35. Rxa4 Re5 36. Bg4 Qxb5 37. Ra7 Qe8 38. Qh6 Re7 39. Rxe7 Qxe7 40. Be6 Qf6 41. Qe3 Bf3 42. Rc1 Re8 43. Qc3 Kg7 44. Qxf6+ Kxf6 45. Rc7 Re7 46. Rc3 Be4 47. Kf1 Ke5 48. Ke2 Kd4 49. Re3 Bxd5 50. Rd3+ Kc4 51. Rh3 Bxe6 52. Rh4+ Kc5 53. Ke3 Bf5+ 54. Kd2 d5 55. Ra4 Rb7 56. Ra5+ Kd4 0-1

[Event "IND-ch (Women) 48th"]
[Site "Hatkanangale"]
[Date "2023.01.05"]
[Round "11"]
[White "Saparya, Ghosh"]
[Black "Rebecca, Jesumarian"]
[Result "0-1"]
[WhiteElo "1563"]
[BlackElo "1773"]
[PlyCount "70"]
[EventDate "2022.12.26"]
[EventType "swiss"]
[EventRounds "11"]
[EventCountry "IND"]
[SourceTitle "CBM 212 Extra"]
[Source "ChessBase"]
[SourceDate "2023.03.31"]
[SourceVersion "1"]
[SourceVersionDate "2023.03.31"]
[SourceQuality "1"]

1. d4 Nf6 2. c4 g6 3. g3 Bg7 4. Bg2 0-0 5. Nc3 d6 6. Nf3 Nc6 7. 0-0 a6 8. d5 Na5 9. b3 c5 10. dxc6 bxc6 11. Nd4 Bb7 12. Bb2 c5 13. Nf3 Rb8 14. Qc2 e6 15. Rfd1 Qe7 16. Rab1 Rfd8 17. Bc1 Nc6 18. a3 Ba8 19. h3 h6 20. Be3 e5 21. Qd2 Kh7 22. g4 Nd4 23. b4 h5 24. Bg5 hxg4 25. hxg4 Qe6 26. Nd5 Bxd5 27. cxd5 Qxg4 28. bxc5 Rxb1 29. Rxb1 Qf5 30. Rb6 Ne4 31. Nxd4 Qxf2+ 32. Kh1 Nxd2 33. Bxd8 exd4 34. Rb2 Be5 35. Rxd2 Qe1+ 0-1

[Event "IND-ch (Women) 48th"]
[Site "Hatkanangale"]
[Date "2022.12.27"]
[Round "2"]
[White "Palak, Thakur"]
[Black "Saparya, Ghosh"]
[Result "0-1"]
[WhiteElo "1148"]
[BlackElo "1563"]
[PlyCount "74"]
[EventDate "2022.12.26"]
[EventType "swiss"]
[EventRounds "11"]
[EventCountry "IND"]
[SourceTitle "CBM 212 Extra"]
[Source "ChessBase"]
[SourceDate "2023.03.31"]
[SourceVersion "1"]
[SourceVersionDate "2023.03.31"]
[SourceQuality "1"]

1. Nf3 d5 2. c4 e6 3. g3 Nf6 4. Bg2 Be7 5. b3 0-0 6. 0-0 b6 7. Bb2 Bb7 8. e3 Nbd7 9. Nc3 c5 10. Qe2 Qc7 11. Rfd1 Bc6 12. Rac1 Qb7 13. d4 Rfd8 14. Ne1 cxd4 15. exd4 Rac8 16. cxd5 Nxd5 17. Nxd5 Bxd5 18. Bxd5 Qxd5 19. Nd3 Bg5 20. f4 Bf6 21. Ne5 Nxe5 22. Rxc8 Nf3+ 23. Kf2 Rxc8 24. Ke3 Ng5 25. Kd3 Qf5+ 26. Ke3 Qe4+ 27. Kf2 Rc2 28. Rd2 Nh3+ 29. Ke1 Qh1+ 30. Qf1 Qxf1+ 31. Kxf1 Rxd2 32. Bc3 Rc2 33. Bb4 Bxd4 34. a3 Rxh2 35. Bd6 Bc3 36. Bc5 bxc5 37. f5 Rf2# 0-1